MARC

LEADER 00000nam0a2200000 4500
001 253206
005 20231101232824.0
035 |a (RuTPU)RU\TPU\book\275592 
090 |a 253206 
100 |a 20140312d1988 m y0rusy50 ca 
101 0 |a rus 
102 |a AZ 
105 |a a z 001zy 
200 1 |a Физико-стохастическое трибомоделирование  |f А. Х. Джанахмедов  |g Академия наук Азербайджанской ССР (АН АзССР), Институт проблем глубинных нефтегазовых месторождений 
210 |a Баку  |c Элм  |d 1988 
215 |a 152 с.  |c ил. 
320 |a Библиогр.: с. 146-149. 
606 1 |a Фрикционные материалы  |x Трение и износ  |2 stltpush  |3 (RuTPU)RU\TPU\subj\16954  |9 42829 
610 1 |a машиностроение 
610 1 |a буровые лебедки 
610 1 |a узлы трения 
610 1 |a фрикционные устройства 
610 1 |a работоспособность 
610 1 |a трибомоделирование 
610 1 |a стохастические процессы 
610 1 |a триботехника 
610 1 |a изнашивание 
610 1 |a трибосопряжения 
610 1 |a физические модели 
675 |a 621.891  |v 3 
700 1 |a Джанахмедов  |b А. Х.  |g Ахад Ханахмед 
712 0 2 |a Академия наук Азербайджанской ССР (АН АзССР)  |b Институт проблем глубинных нефтегазовых месторождений  |2 stltpush  |3 (RuTPU)RU\TPU\col\11902 
801 1 |a RU  |b 63413507  |c 20140312 
801 2 |a RU  |b 63413507  |c 20140321  |g RCR 
942 |c BK